City Pairs With Same Name - Statistics

General Stats
  • This quiz has been taken 140 times
  • The average score is 13 of 15
Answer Stats
City Larger Smaller Countries % Correct
São Paulo 12,176,866 2,571,861 Brazil/Angola
99%
Santiago 5,220,161 1,173,015 Chile/Dominican Republic
99%
Vienna 1,888,776 29,306 Austria/France
98%
La Paz 789,541 244,219 Bolivia/Mexico
98%
San José 1,543,000 1,030,119 Costa Rica/United States
98%
Valencia 1,827,165 791,413 Venezuela/Spain
98%
Santo Domingo 965,040 305,632 Dominican Republic/Ecuador
97%
Sevilla 688,711 45,142 Spain/Colombia
97%
Bristol 454,200 61,353 United Kingdom/United Sates
96%
Córdoba 1,317,298 325,708 Argentina/Spain
93%
San Juan 2,148,346 241,699 United States/Mexico
90%
Brest 350,616 140,064 Belarus/France
88%
Constan(ța/ce) 283,872 84,760 Romania/Germany
72%
St. George('s) 56,006 33,734 Romania/Grenada
63%
Hall 40,440 13,897 Germany/Austria
50%
No matching quizzes found
Score Distribution
Percent of People with Each Score
Percentile by Number Answered
Your Score History
You have not taken this quiz